000 01031ca a2200325 i 4500
001 60568
003 CO-BoRNBP
005 20260220213526.0
007 ta
008 0
020 _a9789587535853
_q(impreso)
040 _aCO-BoBN
_bspa
_erda
_cCO-BoBN
041 0 _aspa
043 _as-ck---
082 _aCo863.44
_223
084 _a0
100 _aDa Coll, Ivar,
_d1962-,
_eautor
_92446
245 1 1 _a¡No, no fui yo! /
_cIvar Da Coll
250 _aPrimera edición
264 1 _aBogotá :
_bMinisterio de las Culturas, las Artes y los Saberes,
_c2024
300 _a32 páginas sin numerar :
_bilustraciones a color ;
_c23 cm
336 _aTexto
_btxt
_2rdacontent
337 _aSin mediacion
_bn
_2rdamedia
338 _aVolumen
_bnc
_2rdacarrier
490 0 _aLeer es mi cuento ;
_v59
650 1 4 _aCuentos infantiles colombianos
_ySiglo XX
_2LEMB
_92372
650 2 4 _aAnimales
_vCuentos
_2LEMB
_9745
942 _2ddc
_cBK
949 _aXX(1134780.1)
_c1
_wDEWEY
_iXX(1134780.1)
_lCEP
_tLIBRO
_mB.NACIONAL
_u12/26/2023
_p$0.00
_xDEPLEGNAL
999 _c60568
_d60568